Gems of vedic wisdom (Record no. 1309717)

MARC details
000 -LEADER
fixed length control field 00795nam a22002297a 4500
005 - DATE AND TIME OF LATEST TRANSACTION
control field 20250429113043.0
008 - FIXED-LENGTH DATA ELEMENTS--GENERAL INFORMATION
fixed length control field 250429b |||||||| |||| 00| 0 eng d
020 ## - INTERNATIONAL STANDARD BOOK NUMBER
International Standard Book Number 978-81-7702-483-3 (hbk)
037 ## - SOURCE OF ACQUISITION
Terms of availability TB
040 ## - CATALOGING SOURCE
Original cataloging agency CRL
Transcribing agency CRL
041 ## - LANGUAGE CODE
Source of code eng
Language code of text/sound track or separate title eng
084 ## - COLON CLASSIFICATION NUMBER
Classification number O15jN45 152R1
Assigning agency CRL
245 ## - TITLE STATEMENT
Title Gems of vedic wisdom
260 ## - PUBLICATION, DISTRIBUTION, ETC.
Place of publication, distribution, etc. Delhi, Bharat:
Name of publisher, distributor, etc. Pratibha Prakashan,
Date of publication, distribution, etc. 2021.
300 ## - PHYSICAL DESCRIPTION
Extent xxxii, 542p.
365 ## - TRADE PRICE
Price amount 4595.00
Currency code INR
650 ## - SUBJECT ADDED ENTRY--TOPICAL TERM
Source of heading or term Sanskrit Literature
700 ## - ADDED ENTRY--PERSONAL NAME
Personal name Shastri, Dinesh Chandra
Relator term editor.
9 (RLIN) 753375
700 ## - ADDED ENTRY--PERSONAL NAME
Personal name Behera, Ranjit
Relator term editor.
9 (RLIN) 753376
942 ## - ADDED ENTRY ELEMENTS (KOHA)
Source of classification or shelving scheme Colon Classification (CC)
Koha item type Textbook
Classification part O15jN45 152R1
Suppress in OPAC No
Holdings
Withdrawn status Lost status Source of classification or shelving scheme Damaged status Not for loan Home library Current library Date acquired Source of acquisition Cost, normal purchase price Inventory number Total Checkouts Full call number Barcode Date last seen Price effective from Koha item type
    Colon Classification (CC)     Central Library Central Library 2025-04-29 S.K. Book Distributors 4595.00 6699 & 2025-03-06   O15jN45 152R1 CL1923479 2025-04-29 2025-04-29 Textbook
Copyright @ Delhi University Library System